| 000 | 00846nam a22002175i 4500 | ||
|---|---|---|---|
| 001 | 176127 | ||
| 003 | ES-MaACL | ||
| 005 | 20230906220010.0 | ||
| 008 | 101220s1971 sp |||| | spa d | ||
| 080 | _a27-75-053.8 | ||
| 245 | 0 | 0 |
_aFe adulta y adultos / _cBrien ... [et al.] ; [selección última, traducción y sumario de los artículos del presente volumen efectuada por Judit Vanoli ... et al.]. |
| 260 |
_aMadrid : _bMarova, _cimp. 1971. |
||
| 300 |
_a187, [7] p. ; _c21 cm. |
||
| 490 | 1 |
_aBiblioteca de pensamiento catequético actual. 2ª serie ; _v9 |
|
| 650 | 0 | 4 |
_aCatequesis de adultos. _9144372 |
| 700 | 1 |
_aBrien, André. _931704 |
|
| 700 | 0 |
_aVanoli, Judit. _9113078 |
|
| 830 | 0 |
_aBiblioteca de pensamiento catequético actual. 2ª serie ; _v9 _9189937 |
|
| 852 |
_aES-MaACL _jE-13816 _xOlim P-1336 |
||
| 999 |
_c176127 _d176127 |
||